000 01076nam a22002297a 4500
999 _c57079
_d57079
003 Ge_BSU
005 20210521112707.0
008 191112s2019 ge ||||| |||| 00| 0 geo d
020 _a9789941958830
041 _ageo
_hfr
080 _a821.133.1.03=353.1 პ-27
100 _aპეჟუ, პიერ.
_95305
245 _aრა ხდება ზეცაში :
_bრომანი /
_cპიერ პეჟუ ; ფრან.თარგმნ. ნატო ბალავაძემ ; დიზაინ. სოფია ბარდაველიძე.
264 _aთბილისი :
_bაგორა,
_c2019.
300 _a240 გვ.:
_c20 სმ.
546 _aფრანგულიდან ნათარგმნი
653 _aრომანი
653 _aმხატვრული ლიტერატურა
700 _a ბალავაძე, ნატო
_eმთარგმნელი
_95306
700 _aბარდაველიძე,სოფია
_eდიზაინერი
_95307
942 _2udc
_cBK